书目信息 |
| 题名: |
土木结构工程实用手册
|
|
| 作者: | 张素梅 , 唐岱新 主编 | |
| 分册: | ||
| 出版信息: | 哈尔滨 黑龙江科学技术出版社 2001.04 |
|
| 页数: | 839页 | |
| 开本: | 26cm | |
| 丛书名: | ||
| 单 册: | ||
| 中图分类: | TU36 | |
| 科图分类: | ||
| 主题词: | 土结构 , 砖石结构 , 竹结构 , 木结构 , 砌块结构 | |
| 电子资源: | ||
| ISBN: | 7-5388-3675-6 | |
| 000 | 00736nam0 2200253 45 | |
| 001 | 0253019741 | |
| 005 | 2002041014433968 | |
| 010 | @a7-5388-3675-6@dRMB 90.00 | |
| 100 | @a20020410d2001 km y0chiy0120 ea | |
| 101 | 0 | @achi |
| 102 | @aCN@b230000 | |
| 200 | 1 | @a土木结构工程实用手册@ATu Mu Jie Gou Gong Cheng Shi Yong Shou Ce@f张素梅,唐岱新主编@FZhang Su Mei,Tang Dai Xin Zhu Bian |
| 210 | @a哈尔滨@c黑龙江科学技术出版社@d2001.04 | |
| 215 | @a839页@d26cm | |
| 606 | 0 | @a土结构 |
| 606 | 0 | @a砖石结构 |
| 606 | 0 | @a竹结构 |
| 606 | 0 | @a木结构 |
| 606 | 0 | @a砌块结构 |
| 690 | @aTU36@v3 | |
| 701 | 0 | @a张素梅@AZhang Su Mei@4主编 |
| 701 | 0 | @a唐岱新@ATang Dai Xin@4主编 |
| 801 | 0 | @aCN@bPFT@c20020410 |
| 905 | @a安徽大学@dTU36@eZ174 | |
| 土木结构工程实用手册/张素梅,唐岱新主编.-哈尔滨:黑龙江科学技术出版社,2001.04 |
| 839页;26cm |
| ISBN 7-5388-3675-6:RMB 90.00 |
| ● |
| 相关链接 |
|
|
|
正题名:土木结构工程实用手册
索取号:TU36/Z174
 
预约/预借
| 序号 | 登录号 | 条形码 | 馆藏地/架位号 | 状态 | 备注 |
| 1 | 356104 | 203561047 | 建筑库101/101建筑库 84排1列3层/ [索取号:TU36/Z174] | 在馆 | |
| 2 | 356105 | 203561056 | 建筑库101/101建筑库 84排1列3层/ [索取号:TU36/Z174] | 在馆 | |
| 3 | 356106 | 203561065 | 土木与交通工程学院资料室/土木与交通学院资料室 1排1列1层/ [索取号:TU36/Z174] | 在馆 | |
| 4 | 356107 | 203561074 | 建筑库101/101建筑库 84排1列3层/ [索取号:TU36/Z174] | 在馆 | |
| 5 | 356108 | 203561083 | 土木与交通工程学院资料室/土木与交通学院资料室 1排1列1层/ [索取号:TU36/Z174] | 在馆 |